Integrating omics data /

Bibliographic Details
Corporate Author: Knovel (Firm)
Other Authors: Tseng, George (Editor), Ghosha, Debāśisa (Editor), Zhou, Xianghong Jasmine (Editor)
Format: eBook
Language:English
Published: New York, NY : Cambridge University Press, 2015.
Subjects:
Online Access:Connect to the full text of this electronic book

MARC

Tag First Indicator Second Indicator Subfields
LEADER 00000cam a2200000Ki 4500
001 in00003834945
006 m o d
007 cr cnu---unuuu
008 150911t20152015nyu o 001 0 eng d
005 20260609152508.7
019 |a 961000125  |a 965395183 
020 |a 9781316319499  |q electronic bk. 
020 |a 1316319490  |q electronic bk. 
020 |a 9781107706484  |q electronic bk. 
020 |a 1107706483  |q electronic bk. 
020 |a 9781680158908  |q electronic bk. 
020 |a 1680158902  |q electronic bk. 
020 |z 9781107069114  |q hardcover 
020 |z 1107069114  |q hardcover 
035 |a (OCoLC)920883274  |z (OCoLC)961000125  |z (OCoLC)965395183 
040 |a N$T  |b eng  |e rda  |e pn  |c N$T  |d YDXCP  |d IDEBK  |d CAMBR  |d QGK  |d KNOVL  |d EBLCP  |d ZCU  |d YDX  |d OCLCO  |d OCLCA  |d LVT  |d OCLCO  |d UtOrBLW 
049 |a TXAM 
050 4 |a QH438.4.S73  |b I58 2015 
060 4 |a QU 460 
072 7 |a SCI  |x 007000  |2 bisacsh 
082 0 4 |a 572.8/6  |2 23 
245 0 0 |a Integrating omics data /  |c edited by George Tseng, Debashis Ghosh, Xianghong Jasmine Zhou. 
264 1 |a New York, NY :  |b Cambridge University Press,  |c 2015. 
264 4 |c ©2015 
300 |a 1 online resource (x, 461 pages, 24 unnumbered pages of plates) 
336 |a text  |b txt  |2 rdacontent 
337 |a computer  |b c  |2 rdamedia 
338 |a online resource  |b cr  |2 rdacarrier 
504 |a Includes bibliographical references and index. 
588 0 |a Description based on print version record. 
650 0 |a Genomics  |x Statistical methods. 
650 0 |a Meta-analysis.  |0 http://id.loc.gov/authorities/subjects/sh85084006 
650 7 |a Genomics  |x Statistical methods.  |2 fast  |0 (OCoLC)fst00940232 
650 7 |a Meta-analysis.  |2 fast  |0 (OCoLC)fst01017463 
650 7 |a SCIENCE / Life Sciences / Biochemistry.  |2 bisacsh 
650 2 |a Genomics  |x methods.  |0 https://id.nlm.nih.gov/mesh/D023281Q000379 
655 7 |a Electronic books.  |2 local 
700 1 |a Tseng, George,  |e editor.  |0 http://id.loc.gov/authorities/names/n2015019717 
700 1 |a Ghosha, Debāśisa,  |e editor.  |0 http://id.loc.gov/authorities/names/n2015233596 
700 1 |a Zhou, Xianghong Jasmine,  |e editor.  |0 http://id.loc.gov/authorities/names/n2016180916 
710 2 |a Knovel (Firm)  |0 http://id.loc.gov/authorities/names/nr2001027264 
776 1 8 |i Print version:  |t Integrating omics data  |z 9781107069114  |w (DLC) 2014048684  |w (OCoLC)902659955 
856 4 0 |u http://proxy.library.tamu.edu/login?url=https://app.knovel.com/hotlink/toc/id:kpIOD0001N/integrating-omics-data  |z Connect to the full text of this electronic book  |t 0 
999 f f |s 9d23a8f0-5cb4-3e95-ae84-42a67499b1bb  |i fc25e08f-b292-326a-a028-ebe81aafe7a2  |t 0 
952 f f |a Texas A&M University  |b College Station  |c Electronic Resources  |s www_evans  |d Available Online  |t 0  |e QH438.4.S73 I58 2015  |h Library of Congress classification 
998 f f |a QH438.4.S73 I58 2015  |t 0  |l Available Online